[Event "Bucaramanga Santander-ch"]
[Site "Bucaramanga"]
[Date "2024.03.08"]
[Round "1"]
[White "Marquez, Benjamin"]
[Black "Vargas Sanchez, Daniel Jose"]
[Result "1-0"]
[WhiteElo "1918"]
[BlackElo "1579"]
[PlyCount "50"]
[EventDate "2024.03.08"]
[EventType "swiss"]
[EventRounds "7"]
[EventCountry "COL"]
[SourceTitle "CB13_2024"]
[SourceDate "2024.03.27"]
[SourceVersion "1"]
[SourceVersionDate "2024.03.27"]
[SourceQuality "1"]

1. d4 d5 2. Bf4 Nf6 3. e3 e6 4. Nd2 Bd6 5. Bg3 0-0 6. Bd3 c5 7. c3 Qc7 8. Ngf3 b6 9. e4 dxe4 10. Nxe4 Nxe4 11. Bxe4 Nc6 12. dxc5 Bxg3 13. hxg3 f5 14. Bxc6 Qxc6 15. cxb6 Ba6 16. Qd4 Rad8 17. Qh4 Qe4+ 18. Qxe4 fxe4 19. Ng5 Rf6 20. Nxe4 Rf5 21. bxa7 Re5 22. f3 Bb7 23. Rd1 Ra8 24. Rd4 Rxa7 25. a3 h6 1-0

[Event "COL-chT"]
[Site "Bucaramanga"]
[Date "2022.09.09"]
[Round "7.1"]
[White "Marquez, Benjamin"]
[Black "Gomez, William"]
[Result "1/2-1/2"]
[WhiteElo "1910"]
[BlackElo "1769"]
[PlyCount "67"]
[EventDate "2022.09.06"]
[EventType "team-swiss"]
[EventRounds "7"]
[EventCountry "COL"]
[SourceTitle "CBM 210 Extra"]
[Source "ChessBase"]
[SourceDate "2022.11.30"]
[SourceVersion "1"]
[SourceVersionDate "2022.11.30"]
[SourceQuality "1"]
[WhiteTeam "Santander Gladiatores"]
[BlackTeam "Casanare"]
[WhiteTeamCountry "COL"]
[BlackTeamCountry "COL"]

1. d4 d5 2. Bf4 Bf5 3. c4 dxc4 4. Nc3 Nf6 5. f3 c6 6. e4 Be6 7. a4 a5 8. g4 h6 9. Nge2 Na6 10. Ng3 Nb4 11. h4 Qb6 12. Kf2 g6 13. Be3 Qc7 14. Be2 Bg7 15. Qd2 0-0-0 16. g5 hxg5 17. hxg5 Nh5 18. Nxh5 gxh5 19. f4 Qd7 20. f5 Bxf5 21. exf5 Qxf5+ 22. Kg2 Nc2 23. Raf1 Qg6 24. Bxc4 Bxd4 25. Bxf7 Nxe3+ 26. Qxe3 Bxe3 27. Bxg6 Rd2+ 28. Kf3 Bxg5 29. Bxh5 Rf8+ 30. Kg4 Rxf1 31. Rxf1 Bf6 32. Nd1 Bxb2 33. Nxb2 Rxb2 34. Ra1 1/2-1/2

[Event "COL-chT"]
[Site "Bucaramanga"]
[Date "2022.09.07"]
[Round "2.1"]
[White "Rueda Rojas, Richard Alejandro"]
[Black "Marquez, Benjamin"]
[Result "1-0"]
[WhiteElo "1828"]
[BlackElo "1910"]
[PlyCount "93"]
[EventDate "2022.09.06"]
[EventType "team-swiss"]
[EventRounds "7"]
[EventCountry "COL"]
[SourceTitle "CBM 210 Extra"]
[Source "ChessBase"]
[SourceDate "2022.11.30"]
[SourceVersion "1"]
[SourceVersionDate "2022.11.30"]
[SourceQuality "1"]
[WhiteTeam "Santander Chessfy"]
[BlackTeam "Santander Gladiatores"]
[WhiteTeamCountry "COL"]
[BlackTeamCountry "COL"]

1. e4 e5 2. Nf3 Nc6 3. d4 exd4 4. Bc4 Bc5 5. c3 Nf6 6. e5 d5 7. Bb5 Ne4 8. cxd4 Bb6 9. Nc3 Bd7 10. 0-0 a6 11. Be2 Bf5 12. Be3 0-0 13. Rc1 h6 14. h3 Bh7 15. Qb3 Ne7 16. Rfd1 Rb8 17. Bd3 Ba5 18. Qc2 Bxc3 19. bxc3 b5 20. a4 c6 21. axb5 cxb5 22. Nd2 f5 23. exf6 Nxf6 24. Nb3 Bxd3 25. Qxd3 Nd7 26. Ra1 Rf6 27. Rd2 Qc8 28. Re1 Re6 29. Rde2 Rbb6 30. Bxh6 Rxe2 31. Rxe2 Rxh6 32. Rxe7 Nf6 33. Nc5 Qf8 34. Rb7 Qe8 35. Qg3 Qe1+ 36. Kh2 Nh5 37. Rb8+ Kf7 38. Qf3+ Nf6 39. Nd3 Qe4 40. Ne5+ Ke7 41. Qg3 Nh5 42. Rb7+ Kf8 43. Nd7+ Kg8 44. Qb8+ Kh7 45. Nf8+ Kg8 46. Ne6+ Kh7 47. Rxg7+ 1-0

[Event "Bucaramanga Bonita op"]
[Site "Bucaramanga"]
[Date "2021.09.05"]
[Round "6"]
[White "Marquez, Benjamin"]
[Black "Suarez Pinto, Sergio Rafael"]
[Result "0-1"]
[WhiteElo "2000"]
[BlackElo "1854"]
[PlyCount "78"]
[EventDate "2021.09.04"]
[EventType "swiss"]
[EventRounds "6"]
[EventCountry "COL"]
[SourceTitle "EXT 2022"]
[Source "ChessBase"]
[SourceDate "2021.10.06"]
[SourceVersion "1"]
[SourceVersionDate "2021.10.06"]
[SourceQuality "1"]

1. d4 d5 2. Bf4 Nf6 3. e3 c5 4. Nc3 a6 5. a4 Nc6 6. Nf3 Bf5 7. Bd3 Bg6 8. Bxg6 hxg6 9. Ne5 Qa5 10. 0-0 e6 11. h3 Rc8 12. Qd3 Be7 13. Rfd1 0-0 14. f3 Rfd8 15. Qe2 Nxe5 16. dxe5 Nd7 17. Qd2 Qc7 18. g4 Nxe5 19. Kg2 Bd6 20. b3 Nc6 21. Bg5 Be7 22. Bf4 Qa5 23. Ne2 Bf6 24. c3 d4 25. cxd4 Qxd2 26. Rxd2 cxd4 27. exd4 Nxd4 28. Nxd4 Rxd4 29. Rxd4 Bxd4 30. Rc1 Rxc1 31. Bxc1 Kf8 32. f4 Ke7 33. Kf3 f5 34. Ba3+ Kd7 35. Ke2 Kc6 36. Kd3 Kd5 37. Bf8 Bf6 38. Ba3 g5 39. gxf5 exf5 0-1

[Event "Bucaramanga Bonita op"]
[Site "Bucaramanga"]
[Date "2021.09.04"]
[Round "3"]
[White "Barona Sanchez, Heider"]
[Black "Marquez, Benjamin"]
[Result "0-1"]
[WhiteElo "1627"]
[BlackElo "2000"]
[PlyCount "67"]
[EventDate "2021.09.04"]
[EventType "swiss"]
[EventRounds "6"]
[EventCountry "COL"]
[SourceTitle "EXT 2022"]
[Source "ChessBase"]
[SourceDate "2021.10.06"]
[SourceVersion "1"]
[SourceVersionDate "2021.10.06"]
[SourceQuality "1"]

1. e4 e5 2. Nf3 Nc6 3. Bb5 Nf6 4. Nc3 Bc5 5. 0-0 d6 6. h3 h6 7. d4 exd4 8. Nxd4 Bd7 9. Nxc6 bxc6 10. Bc4 0-0 11. Re1 Re8 12. Bd3 Rb8 13. Na4 Bb6 14. Nxb6 Rxb6 15. b3 Nh7 16. Bb2 Qg5 17. Qf3 Qa5 18. Qg3 f6 19. Kh2 Qg5 20. Qxg5 hxg5 21. a4 c5 22. Bc3 Bc6 23. f3 Rbb8 24. Ba5 Re7 25. Rad1 Nf8 26. Bc3 Ng6 27. g3 Bd7 28. Ba5 Be6 29. Rb1 Kf7 30. Bb5 Rh8 31. Bf1 Ne5 32. Re3 Bxh3 33. Bxh3 g4 34. f4 0-1

[Event "Bucaramanga Bonita op"]
[Site "Bucaramanga"]
[Date "2021.09.04"]
[Round "2"]
[White "Marquez, Benjamin"]
[Black "Carvajal Barreto, Johan Sebastian"]
[Result "0-1"]
[WhiteElo "2000"]
[BlackElo "1649"]
[PlyCount "58"]
[EventDate "2021.09.04"]
[EventType "swiss"]
[EventRounds "6"]
[EventCountry "COL"]
[SourceTitle "EXT 2022"]
[Source "ChessBase"]
[SourceDate "2021.10.06"]
[SourceVersion "1"]
[SourceVersionDate "2021.10.06"]
[SourceQuality "1"]

1. d4 Nf6 2. Bf4 d6 3. Nc3 Bg4 4. f3 Bh5 5. e4 e6 6. Bb5+ c6 7. Ba4 Nbd7 8. Be3 b5 9. Bb3 b4 10. Nce2 Be7 11. Nh3 e5 12. d5 cxd5 13. Bxd5 Nxd5 14. Qxd5 0-0 15. 0-0 Nf6 16. Qd2 d5 17. exd5 Qxd5 18. Rfd1 Rfd8 19. Qe1 Qc4 20. Rxd8+ Rxd8 21. c3 a5 22. cxb4 Bxb4 23. Qf2 Nd5 24. b3 Qc2 25. Rc1 Nxe3 26. Qxe3 Rd1+ 27. Kf2 Be1+ 28. Kf1 Bg3+ 29. Rxd1 Qxd1# 0-1

[Event "Bogota Bonita op"]
[Site "Bogota"]
[Date "2019.09.27"]
[Round "2"]
[White "Marquez, Benjamin"]
[Black "Florez Caceres, Rafael Omar"]
[Result "1-0"]
[WhiteElo "2003"]
[BlackElo "1633"]
[PlyCount "36"]
[EventDate "2019.09.26"]
[EventType "swiss"]
[EventRounds "7"]
[EventCountry "COL"]
[SourceTitle "EXT 2020"]
[Source "ChessBase"]
[SourceDate "2019.10.17"]
[SourceVersion "1"]
[SourceVersionDate "2019.10.17"]
[SourceQuality "1"]

1. d4 Nf6 2. Nf3 g6 3. Nc3 d5 4. Bf4 Bg7 5. h3 c6 6. e3 0-0 7. Be2 Nbd7 8. Kf1 Re8 9. Ne5 Nf8 10. b4 N6d7 11. Nd3 f6 12. Rb1 e5 13. Bg3 Ne6 14. Nc5 Ndxc5 15. dxc5 a5 16. a3 axb4 17. axb4 Bd7 18. Qd2 Qc7 1-0

[Event "Bogota Bonita op"]
[Site "Bogota"]
[Date "2019.09.27"]
[Round "3"]
[White "Palencia Morales, Wilson Guillermo"]
[Black "Marquez, Benjamin"]
[Result "1-0"]
[WhiteElo "2356"]
[BlackElo "2003"]
[PlyCount "55"]
[EventDate "2019.09.26"]
[EventType "swiss"]
[EventRounds "7"]
[EventCountry "COL"]
[SourceTitle "EXT 2020"]
[Source "ChessBase"]
[SourceDate "2019.10.17"]
[SourceVersion "1"]
[SourceVersionDate "2019.10.17"]
[SourceQuality "1"]

1. e4 e5 2. Nf3 Nc6 3. Bb5 Nf6 4. Bxc6 dxc6 5. d3 Nd7 6. Nbd2 Bc5 7. a3 a5 8. Nc4 f6 9. c3 b5 10. Ne3 a4 11. d4 exd4 12. cxd4 Bd6 13. b4 0-0 14. Bb2 Re8 15. e5 Bf8 16. Qc2 Bb7 17. Rd1 Nb6 18. 0-0 Nd5 19. Rfe1 Be7 20. exf6 Bxf6 21. Ne5 Re6 22. Nf5 Qe8 23. Ng3 g6 24. Ne4 Be7 25. Nc5 Bxc5 26. dxc5 Rd8 27. Qd2 Nf6 28. Qxd8 1-0

[Event "Santander Departamental-ch"]
[Site "Santander"]
[Date "2018.12.28"]
[Round "2"]
[White "Marquez, Benjamin"]
[Black "Mendez Soto, Samuel Felipe"]
[Result "1-0"]
[WhiteElo "2003"]
[BlackElo "1631"]
[PlyCount "53"]
[EventDate "2018.12.27"]
[EventType "swiss"]
[EventRounds "7"]
[EventCountry "COL"]
[SourceTitle "EXT 2020"]
[Source "ChessBase"]
[SourceDate "2019.10.17"]
[SourceVersion "1"]
[SourceVersionDate "2019.10.17"]
[SourceQuality "1"]

1. d4 d5 2. Bf4 Nf6 3. e3 a6 4. a4 e6 5. Nd2 h6 6. Bd3 c5 7. c3 cxd4 8. exd4 Nc6 9. Ngf3 Bd6 10. Bg3 Qc7 11. Qe2 0-0 12. Ne5 Bd7 13. f4 Rae8 14. 0-0 Ne7 15. Bh4 Nh7 16. Qh5 f6 17. Nxd7 Qxd7 18. c4 f5 19. c5 Bb8 20. Bxe7 Rxe7 21. b4 Nf6 22. Qe2 Ne4 23. Qe3 Qc7 24. g3 g5 25. Bxe4 fxe4 26. fxg5 hxg5 27. Qxg5+ 1-0

[Event "Santander Departamental-ch"]
[Site "Santander"]
[Date "2018.12.27"]
[Round "1"]
[White "Florez Caceres, Rafael Omar"]
[Black "Marquez, Benjamin"]
[Result "1/2-1/2"]
[WhiteElo "1440"]
[BlackElo "2003"]
[PlyCount "77"]
[EventDate "2018.12.27"]
[EventType "swiss"]
[EventRounds "7"]
[EventCountry "COL"]
[SourceTitle "EXT 2020"]
[Source "ChessBase"]
[SourceDate "2019.10.17"]
[SourceVersion "1"]
[SourceVersionDate "2019.10.17"]
[SourceQuality "1"]

1. e4 e5 2. Nf3 Nc6 3. Bb5 Nf6 4. d3 Bc5 5. c3 Bb6 6. 0-0 d6 7. Nbd2 a6 8. Ba4 0-0 9. Bc2 Ba7 10. Nc4 b5 11. Ne3 Nh5 12. Nxe5 Nxe5 13. Qxh5 Bxe3 14. Bxe3 Bg4 15. Qg5 f6 16. Qh4 Be2 17. Rfe1 Bxd3 18. Bb3+ Bc4 19. f4 Bxb3 20. axb3 Ng6 21. Qh5 Qe8 22. Qd5+ Qf7 23. g3 Qxd5 24. exd5 Ne7 25. c4 Kf7 26. Ra2 c6 27. dxc6 Nxc6 28. Rd1 Nb4 29. Ra5 Rfe8 30. Kf2 bxc4 31. bxc4 Re4 32. b3 Rae8 33. Bd2 Rd4 34. Kf3 Rd3+ 35. Kf2 Nc6 36. Rxa6 Nd4 37. Rxd6 Re2+ 38. Kg1 Rdxd2 39. Rxd4 1/2-1/2

[Event "Bucaramanga op"]
[Site "Bucaramanga"]
[Date "2016.01.09"]
[Round "1"]
[White "Campos Gomez, Manuel"]
[Black "Marquez, Benjamin"]
[Result "0-1"]
[WhiteElo "1524"]
[BlackElo "2003"]
[PlyCount "38"]
[EventDate "2016.01.09"]
[EventType "swiss"]
[EventRounds "6"]
[EventCountry "COL"]
[SourceTitle "EXT 2017"]
[Source "ChessBase"]
[SourceDate "2016.10.25"]
[SourceVersion "1"]
[SourceVersionDate "2016.10.25"]
[SourceQuality "1"]

1. e4 e5 2. Nf3 Nc6 3. Bb5 Nf6 4. 0-0 Bc5 5. c3 0-0 6. d4 Bb6 7. Bg5 d6 8. Bxc6 bxc6 9. dxe5 dxe5 10. Qxd8 Rxd8 11. Nxe5 Ba6 12. Re1 Nxe4 13. Bxd8 Bxf2+ 14. Kh1 Bxe1 15. Bxc7 Re8 16. Na3 Bf2 17. Nc2 Re6 18. Nd4 Ng3+ 19. hxg3 Rh6# 0-1

[Event "Bucaramanga op"]
[Site "Bucaramanga"]
[Date "2016.01.09"]
[Round "2"]
[White "Marquez, Benjamin"]
[Black "Santos Caballero, Edna Liliana"]
[Result "1-0"]
[WhiteElo "2003"]
[BlackElo "1565"]
[PlyCount "56"]
[EventDate "2016.01.09"]
[EventType "swiss"]
[EventRounds "6"]
[EventCountry "COL"]
[SourceTitle "EXT 2017"]
[Source "ChessBase"]
[SourceDate "2016.10.25"]
[SourceVersion "1"]
[SourceVersionDate "2016.10.25"]
[SourceQuality "1"]

1. a3 c6 2. Nf3 d5 3. d4 Nf6 4. Bf4 Nbd7 5. e3 e6 6. c4 c5 7. Nc3 cxd4 8. exd4 dxc4 9. Bxc4 Nb6 10. Bb5+ Bd7 11. 0-0 Bxb5 12. Nxb5 Nbd5 13. Bg3 a6 14. Nc3 Be7 15. Ne5 0-0 16. Re1 Rc8 17. Qd3 Nxc3 18. bxc3 b5 19. a4 Qe8 20. axb5 axb5 21. Reb1 Nd5 22. Rb3 b4 23. c4 Nc3 24. c5 Nd5 25. Nc4 Qb5 26. Ra5 Qb7 27. Bd6 Rfe8 28. Bxe7 Rxe7 1-0

[Event "Bogota McGregor op 4th"]
[Site "Bogota"]
[Date "2013.12.07"]
[Round "6"]
[White "Garcia Guevara, Nicolas Leonardo"]
[Black "Marquez, Benjamin"]
[Result "0-1"]
[WhiteElo "1773"]
[BlackElo "2036"]
[PlyCount "60"]
[EventDate "2013.12.04"]
[EventType "swiss"]
[EventRounds "9"]
[EventCountry "COL"]
[SourceTitle "CBM 157 Extra"]
[Source "ChessBase"]
[SourceDate "2013.12.19"]
[SourceVersion "1"]
[SourceVersionDate "2013.12.19"]
[SourceQuality "1"]

1. d4 d5 2. Nf3 Nf6 3. Bf4 e6 4. e3 Bd6 5. Bxd6 Qxd6 6. Bd3 Qb4+ 7. Nbd2 Qxb2 8. 0-0 0-0 9. Qe2 Qa3 10. c4 Qd6 11. c5 Qe7 12. Rfb1 b6 13. cxb6 axb6 14. Ne5 Ba6 15. Bxa6 Nxa6 16. Nc6 Qd6 17. Qb5 Nb8 18. Rc1 Nxc6 19. Rxc6 Qd7 20. Nb3 Ra3 21. Rac1 Rxa2 22. Qd3 Rc8 23. Qb5 Rca8 24. Qb4 R8a7 25. f3 g6 26. Qe1 Ne8 27. Qg3 Nd6 28. R6c3 Nc4 29. e4 Rb2 30. exd5 exd5 0-1

[Event "Santander Departamental-ch"]
[Site "Santander"]
[Date "2013.11.29"]
[Round "4"]
[White "Rey, Luis Hernando"]
[Black "Marquez, Benjamin"]
[Result "0-1"]
[WhiteElo "1702"]
[BlackElo "2036"]
[PlyCount "94"]
[EventDate "2013.11.28"]
[EventType "swiss"]
[EventRounds "8"]
[EventCountry "COL"]
[SourceTitle "CBM 157 Extra"]
[Source "ChessBase"]
[SourceDate "2013.12.19"]
[SourceVersion "1"]
[SourceVersionDate "2013.12.19"]
[SourceQuality "1"]

1. e4 e5 2. Nf3 Nc6 3. Bb5 Nf6 4. 0-0 Bc5 5. c3 0-0 6. d4 Bb6 7. d5 Ne7 8. Bd3 d6 9. h3 Ng6 10. Bg5 h6 11. Be3 Nh5 12. Nbd2 Nhf4 13. Nc4 Qf6 14. Be2 Bd7 15. Nxb6 axb6 16. Kh2 b5 17. Ng1 Ra4 18. Bf3 Ne7 19. g3 Nfg6 20. Bg2 Rfa8 21. a3 Nf8 22. Qh5 c5 23. Bd2 Qg6 24. Qxg6 Nfxg6 25. Rae1 f5 26. f3 f4 27. Ne2 Rf8 28. Rd1 Nc8 29. g4 Nb6 30. Bc1 Raa8 31. Rf2 Rfc8 32. Ng1 b4 33. Bf1 bxa3 34. bxa3 Ba4 35. Rdd2 c4 36. Rb2 Bb3 37. Bxc4 Nxc4 38. Rxb3 b6 39. Rc2 Nf8 40. Kg2 Nd7 41. Kf2 Nc5 42. Rb5 Nd3+ 43. Ke2 Nxc1+ 44. Rxc1 Rxa3 45. Kd3 Ra2 46. Rc2 Rxc2 47. Kxc2 Na3+ 0-1